Janasaṃkhyā o sampada. (Record no. 60908)
[ view plain ]
| 000 -LEADER | |
|---|---|
| fixed length control field | 00566cam a22002291 4500 |
| 001 - CONTROL NUMBER | |
| control field | sa 64008510 |
| 003 - CONTROL NUMBER IDENTIFIER | |
| control field | DLC |
| 005 - DATE AND TIME OF LATEST TRANSACTION | |
| control field | 20260227112055.0 |
| 008 - FIXED-LENGTH DATA ELEMENTS--GENERAL INFORMATION | |
| fixed length control field | 890418s1964 xx 000 0 beno |
| 010 ## - LIBRARY OF CONGRESS CONTROL NUMBER | |
| LC control number | sa 64008510 |
| 035 ## - SYSTEM CONTROL NUMBER | |
| System control number | (OCoLC)23544607 |
| 040 ## - CATALOGING SOURCE | |
| Original cataloging agency | DLC |
| Transcribing agency | MiU |
| Modifying agency | DLC |
| 042 ## - AUTHENTICATION CODE | |
| Authentication code | premarc |
| 050 00 - LIBRARY OF CONGRESS CALL NUMBER | |
| Classification number | HB881 |
| Item number | .M78 |
| 100 1# - MAIN ENTRY--PERSONAL NAME | |
| Personal name | Mortajā, Mohāmmada, |
| Dates associated with a name | 1930-1971. |
| 245 10 - TITLE STATEMENT | |
| Title | Janasaṃkhyā o sampada. |
| 260 ## - PUBLICATION, DISTRIBUTION, ETC. | |
| Date of publication, distribution, etc. | [1964] |
| 300 ## - PHYSICAL DESCRIPTION | |
| Extent | 3, 199, [1] p. |
| Dimensions | 22 cm. |
| 500 ## - GENERAL NOTE | |
| General note | Romanized. |
| 650 #0 - SUBJECT ADDED ENTRY--TOPICAL TERM | |
| Topical term or geographic name entry element | Population |
| 651 #0 - SUBJECT ADDED ENTRY--GEOGRAPHIC NAME | |
| Geographic name | Developing countries |
No items available.